000 00949cam a2200301 a 4500
001 1403
005 20230823154849.0
008 031219s2005 maua a 000 1 eng
020 _a0763619604 (alk. paper)
020 _a9780763635183
040 _aDLC
_cDLC
_dDLC
_beng
050 0 0 _aPZ8.3.L563
_bIs 2005
082 0 0 _a[E]
_222
100 1 _aLessac, Frané.
245 1 0 _aIsland counting 1 2 3 /
_cFrané Lessac.
246 3 _aIsland counting one two three
250 _a1st ed.
260 _aCambridge, Mass. :
_bCandlewick Press,
_c2005.
300 _a10 pages, 1 unnumbered page :
_bcolor illustrations;
_c20 cm.
505 _aF
520 _aCounts from one to ten, featuring pictures and brief rhyming text with a Caribbean island theme.
521 _a370
_bLexile
521 _aF
_bRaz-Plus
650 1 _aCounting.
650 1 _aStories in rhyme.
906 _a7
_bcbc
_corignew
_d1
_eocip
_f20
_gy-gencatlg
942 _2ddc
_cBK
_n0
999 _c1403
_d1403